Ideas comprometidas : los intelectuales y la política /
| Otros Autores: | , |
|---|---|
| Formato: | Electrónico eBook |
| Lenguaje: | español inglés francés |
| Publicado: |
Tres Cantos, Madrid, España :
Akal,
[2018]
|
| Colección: | Reverso. Historia crítica ;
6. |
| Materias: | |
| Acceso en línea: | Digitalia Hispánica |
MARC
| LEADER | 00000nam a2200000 i 4500 | ||
|---|---|---|---|
| 001 | DIGAKAL0500 | ||
| 003 | NyNyDIG | ||
| 007 | cr ||||||||||| | ||
| 008 | 220608s2018 sp ob 000 0 spa d | ||
| 006 | m o d | ||
| 035 | |a (OCoLC)1335134421 | ||
| 040 | |a DGITA |b eng |e rda |e pn |c DGITA | ||
| 020 | |a 9788446046479 |q eBook | ||
| 020 | |z 9788446045731 | ||
| 041 | 1 | |a spa |h eng |h fre | |
| 050 | 1 | 4 | |a HM728 ebook |
| 082 | 1 | 4 | |a 305.552 |
| 245 | 0 | 0 | |a Ideas comprometidas : |b los intelectuales y la política / |c Maximiliano Fuentes y Ferran Archilés (eds.). |
| 264 | 1 | |a Tres Cantos, Madrid, España : |b Akal, |c [2018] | |
| 300 | |a 1 online resource. | ||
| 336 | |a text |b txt |2 rdacontent | ||
| 337 | |a computer |b c |2 rdamedia | ||
| 338 | |a online resource |b cr |2 rdacarrier | ||
| 347 | |a text file |2 rdaft | ||
| 347 | |b EPUB | ||
| 490 | 1 | |a Akal Reverso. Historia crítica ; |v 6 | |
| 504 | |a Includes bibliographical references. | ||
| 546 | |a Texts in Spanish, some translated from the original English and French texts. | ||
| 588 | 0 | |a Online resource; title from ePub title page (Digitalia, viewed June 8, 2022) | |
| 650 | 0 | |a Intellectual life |x Political aspects. | |
| 650 | 0 | |a Intellectuals |x Political activity. | |
| 655 | 0 | |a Electronic books. | |
| 700 | 1 | |a Fuentes Codera, Maximiliano, |e editor. | |
| 700 | 1 | |a Archilés i Cardona, Ferran, |d 1971- |e editor. | |
| 791 | 2 | |a Digitalia (Firm), |e distributor. | |
| 793 | 0 | |g Digitalia eBook Collection: |a Akal | |
| 776 | 0 | 8 | |i Print version: |t Ideas comprometidas. |d Tres Cantos, Madrid, España : Akal, [2018] |z 9788446045731 |
| 830 | 0 | |a Reverso. |p Historia crítica ; |v 6. | |
| 856 | 4 | 0 | |3 Digitalia Hispánica |u https://www.digitaliapublishing.com/a/55224/ |
| 910 | |a Premium collection: 2022 | ||


